Les prénoms cités dans Place des Grands hommes de P. Bruel - Statistiques

Statistiques générales
  • Ce quiz a été pris 114 fois
  • Le résultat moyen est 7 sur 10
Statistiques - réponses
Initiale Prénom % Correct
F François
84%
P Pascale
72%
G Gégé
71%
B Bruno
69%
E Eric
66%
L Laurence
66%
M Marion
65%
S Séverine
63%
E Evelyne
55%
M Marco
48%
Aucun quiz correspondant
Distribution des résultats
% des personnes avec chaque résultat
Percentile par nombre de réponses
Votre historique - résultats
Vous n’avez pas pris ce quiz